000 00917nas a2200289 4500
001 BR0805793
003 BR-BrBNA
005 20231205112020.0
007 ta
008 230509b bl.|||p| |||| 00| 00por d
040 _aBR-BrBNA
_bpor
_cBiblioteca Nacional de Agricultura
041 _a(Pt)
072 _aL10
100 1 _aFacó, O.
100 1 _aLôbo, R.N.B.
100 1 _aMartins Filho, R.
100 1 _aMarins, G.A.
100 1 _aOliveira, S.M.P. de
100 1 _aAzevêdo, D.M.M.R.
245 1 _aEfeitos genéticos aditivos e não-aditivos para características produtivas e reprodutivas em vacas mestiças holândes x gir
650 _aCRUZAMENTO ANIMAL
650 _aBOVINO
650 _aGENÉTICA ANIMAL
773 0 _tRevista Brasileira de Zootecnia (Brazil)
_xISSN 1516-3598
_g(Jan 2008), v. 37(1) p. 48-53
_wBR0805793
909 _a202311
_bLúcia
_c55
_dLúcia Elande
942 _2AGRIS
_n0
_cANA
999 _c195643
_d195643